Statistiques concernant Les chevaux dans les films

Cliquez ici pour prendre le quiz!

Statistiques générales

  • Ce quiz a été pris 163 fois
  • Le résultat moyen est 8 sur 16

Statistiques - réponses

Réponse% Correct
Zorro
82%
Raiponce
79%
Spirit, l'étalon des plaines
72%
Le Seigneur des Anneaux : Le Retour du Roi
71%
Les Trois Mousquetaires
63%
Les Visiteurs : Les Couloirs du temps
62%
Jappeloup
59%
Indiana Jones et la Dernière Croisade
51%
Troie
50%
L'homme qui murmurait à l'oreille des chevaux
47%
Ben-Hur
40%
Jeanne d'Arc
35%
Le Monde de Narnia
35%
Cheval de guerre
28%
Braveheart
25%
Kingdom of Heaven
9%

Distribution des résultats

Percentile par nombre de réponses

% des personnes avec chaque résultat

Votre développement - résultats

Vous n’avez pas pris ce quiz